00752nam a22001817a 4500003000800000008004100008037002000049040003500069041000800104080001500112100002700127245012300154260008100277300002200358500009200380650008000472655001800552BI-BuBU260324b2025 bd fr|||| 000 0 fre d bdon de l'auteur aBI-BuBUbfrecBI-BuBUdBI-BuBU0 afre a681.3.041.1 4aut.aNdayizeye, Egide10aMise en place d'un système automatisé de gestion de projets au sein de l'association YELI BURUNDIcEgide Ndayizeye aBujumburabUniversité du Burundi, Faculté des Sciences de l'Informatique aXIV-82 f.c30 cm. aMémoire présenté en vue de l'obtention du grade de master en Génie Informatique 72BI-BuBUaSystème automatiséxGestion de ProjetzAssociation YELIBURUNDI 72BI-BuBUabook